000
00311nam a2200133 a 4500
001
4521
003
CDMR
005
20130116135257.0
008
130130s2000||||||||||||||||||||||||||||d
040
_a
CDMR
_b
cat
_c
CDMR
245
0
_a
España 25.000
260
_a
Barcelona
_c
2000
_b
Fomento de la Producción
942
_c
MON
999
_c
4521
_d
4521